MAASAI MARA UNIVERSITY

LIBRARY CATALOGUE

Contact Us: +254 020 2685356/7 or 0774 057787

Box: 861-20500, NAROK, KENYA

Email: info@mmarau.ac.ke

The horn of my love / (Record no. 16656)

MARC details
000 -LEADER
fixed length control field 00930nam a22003017a 4500
003 - CONTROL NUMBER IDENTIFIER
control field OSt
005 - DATE AND TIME OF LATEST TRANSACTION
control field 20220602072834.0
008 - FIXED-LENGTH DATA ELEMENTS--GENERAL INFORMATION
fixed length control field 160310b xxu||||| |||| 00| 0 eng d
010 ## - LIBRARY OF CONGRESS CONTROL NUMBER
LC control number 75326330
015 ## - NATIONAL BIBLIOGRAPHY NUMBER
National bibliography number GB74-15714
020 ## - INTERNATIONAL STANDARD BOOK NUMBER
International Standard Book Number 0435901478 :
Terms of availability £0.75
040 ## - CATALOGING SOURCE
Original cataloging agency MMU
Transcribing agency MMU
Modifying agency MMU
Language of cataloging eng
041 0# - LANGUAGE CODE
Language code of text/sound track or separate title engach
043 ## - GEOGRAPHIC AREA CODE
Geographic area code f-ug---
050 00 - LIBRARY OF CONGRESS CALL NUMBER
Classification number PL8041.8
Item number .P2
082 00 - DEWEY DECIMAL CLASSIFICATION NUMBER
Classification number 896/.5
100 1# - MAIN ENTRY--PERSONAL NAME
Personal name p'Bitek, Okot,
Dates associated with a name 1931-
245 14 - TITLE STATEMENT
Title The horn of my love /
Statement of responsibility, etc. [compiled and translated by] Okot p'Bitek.
260 ## - PUBLICATION, DISTRIBUTION, ETC. (IMPRINT)
Place of publication, distribution, etc. London :
Name of publisher, distributor, etc. Heinemann,
Date of publication, distribution, etc. 1974.
300 ## - PHYSICAL DESCRIPTION
Extent x, 182 p. :
Dimensions 19 cm.
490 0# - SERIES STATEMENT
Series statement African writers series ; 147
500 ## - GENERAL NOTE
General note Acoli and English.
504 ## - BIBLIOGRAPHY, ETC. NOTE
Bibliography, etc Includes bibliographical references and index.
650 #0 - SUBJECT ADDED ENTRY--TOPICAL TERM
Topical term or geographic name as entry element Folk songs, Acholi
Geographic subdivision Uganda
Form subdivision Texts.
650 #0 - SUBJECT ADDED ENTRY--TOPICAL TERM
Topical term or geographic name as entry element Folk songs, Acholi
Geographic subdivision Uganda
General subdivision History and criticism.
906 ## - LOCAL DATA ELEMENT F, LDF (RLIN)
a 7
b cbc
c orignew
d 4
e ncip
f 19
g y-gencatlg
942 ## - ADDED ENTRY ELEMENTS (KOHA)
Source of classification or shelving scheme Library of Congress Classification
Koha item type L
Holdings
Withdrawn status Lost status Source of classification or shelving scheme Damaged status Not for loan Home library Current library Date acquired Source of acquisition Total Checkouts Full call number Barcode Date last seen Price effective from Koha item type
    Library of Congress Classification     Maasai Mara University Library -Main Campus Maasai Mara University Library -Main Campus 03/10/2016 Purchased   PL8041.8 .P22010 201313329 03/10/2016 03/10/2016 L
© 2016 Maasai Mara University.